Szczegóły MARC21

Ethnopragmatics : understanding discourse in cultural context /

003 -Nazwa inst., której nr kontr. jest w polu 001 [,]
    • @
    • Nazwa instytucji, której n kontrolny jest w polu 001
    • NUKAT
005 -DATA I CZAS OSTATNIEJ MODYFIKACJI [,]
    • @
    • pole kontrolne
    • 20241231103421.0
020 -Międzynarod. znormalizowany nr książki - ISBN [ , ]
    • a
    • Numer ISBN
    • 9783110188745 Find
    • q
    • Dopowiedzenie
    • hardcover : alk. paper
020 -Międzynarod. znormalizowany nr książki - ISBN [ , ]
    • a
    • Numer ISBN
    • 3110188740 Find
    • q
    • Dopowiedzenie
    • hardcover : alk. paper
040 -Instytucja sporządzająca opis [ , ]
    • a
    • Instytucja, która sporządziła opis (NP)
    • LUBL KUL/kl
    • c
    • Instytucja, która sporządziła rekord (NP)
    • LUBL KUL/kl
    • d
    • Instytucja, która zmodyfikowała rekord (P)
    • LUBL KUL/JP
    • d
    • Instytucja, która zmodyfikowała rekord (P)
    • LUBL KUL/SKs
    • d
    • Instytucja, która zmodyfikowała rekord (P)
    • WR U/dt
044 -Kraj miejsca wydania [ , ]
    • a
    • Kraj miejsca wydania
    • Niemcy
    • a
    • Kraj miejsca wydania
    • Stany Zjednoczone po 1988
942 -Rodzaj dokumentu [ , ]
    • c
    • Rodzaj dokumentu
    • Książka
245 -Strefa tytułu i oznaczenia odpowiedzialności [0,0]
    • a
    • Tytuł
    • Ethnopragmatics : Find
    • b
    • Ciąg dalszy tytułu (NP)
    • understanding discourse in cultural context / Find
    • c
    • Pozostałe elementy strefy tytułu i oznaczenia odpowiedzialności (NP)
    • ed. by Cliff Goddard.
260 -Strefa adresu wydawniczego [ , ]
    • a
    • Miejsce wydania (P)
    • Berlin ;
    • a
    • Miejsce wydania (P)
    • New York :
    • b
    • Nazwa wydawcy (P)
    • Mouton de Gruyter,
    • c
    • Data wydania (P)
    • 2006.
300 -Strefa opisu fizycznego [ , ]
    • a
    • Określenie formy książki i/lub objętość (NP)
    • [8], 278 s. ;
    • c
    • Format (NP)
    • 24 cm.
336 -Typ zawartości [ , ]
    • a
    • Termin opisujący typ zawartości
    • Tekst
    • b
    • Kod określający zawartość
    • txt
    • 2
    • Źródło (terminu i kodu)
    • rdacontent
337 -Typ mediów [ , ]
    • a
    • Tryb odtwarzania
    • Bez urządzenia pośredniczącego
    • b
    • Kod typu mediów
    • n
    • 2
    • Źródło (terminu i kodu)
    • rdamedia
338 -Typ/rodzaj nośnika [ , ]
    • a
    • Hasło opisujące typ nośnika
    • Wolumin
    • b
    • Kod typu nośnika
    • nc
    • 2
    • Źródło (terminu i kodu)
    • rdacarrier
490 -Strefa serii i książki wielotomowej - forma nie do wyszukiwania [1, ]
    • a
    • Tytuł (P)
    • Applications of Cognitive Linguistics , Find
    • x
    • ISSN (NP)
    • 1861-4078 ;
    • v
    • Numeracja (P)
    • 3
830 -Hasło dodatkowe serii i opisu książki wielotomowej - tytuł ujednolicony/tytuł [ ,0]
    • a
    • Tytuł ujednolicony/tytuł (NP)
    • Applications of Cognitive Linguistics
    • x
    • ISSN
    • 1861-4078
    • v
    • Oznaczenie tomu (NP)
    • 3
    • 9
    • KHW
    • 645215
504 -Uwaga dot. bibliogr. załącznikowej [ , ]
    • a
    • Uwaga dot. bibliografii załącznikowej
    • Bibliogr. przy rozdz. Indeks.
080 -Uniwersalna Klasyfikacja Dziesiętna [ , ]
    • 2
    • Identyfikator wydania tablic
    • UDC-P058
    • 9
    • UKD
    • 6370
    • a
    • Symbol klasyfikacji
    • 81:39
    • b
    • Dopowiedzenie
    • Etnolingwistyka.
    • 4
    • UKD2
    • 7644
    • x
    • Poddział wspólny
    • =111
    • c
    • Dopowiedzenie poddz. wspólnego
    • =Język angielski.
080 -Uniwersalna Klasyfikacja Dziesiętna [ , ]
    • 2
    • Identyfikator wydania tablic
    • UDC-P058
    • 9
    • UKD
    • 2245
    • a
    • Symbol klasyfikacji
    • 008
    • b
    • Dopowiedzenie
    • Cywilizacja. Kultura. Postęp.
    • 4
    • UKD2
    • 7644
    • x
    • Poddział wspólny
    • =111
    • c
    • Dopowiedzenie poddz. wspólnego
    • =Język angielski.
650 -Hasło przedmiotowe [ ,7]
    • a
    • Hasło przedmiotowe
    • Język i kultura.
    • 2
    • Źródło terminu
    • kaba
    • 9
    • KHW
    • 113200
650 -Hasło przedmiotowe [ ,7]
    • a
    • Hasło przedmiotowe
    • Etnolingwistyka.
    • 2
    • Źródło terminu
    • kaba
    • 9
    • KHW
    • 107944
650 -Hasło przedmiotowe [ ,7]
    • a
    • Hasło przedmiotowe
    • Pragmatyka (językoznawstwo).
    • 2
    • Źródło terminu
    • kaba
    • 9
    • KHW
    • 125590
980 -Symbol UKD [ , ]
    • a
    • UKD
    • 81:39::008=111
700 -Hasło dodatkowe - nazwa osobowa [1, ]
    • a
    • Nazwa osobowa (NP)
    • Goddard, Cliff. Find
    • e
    • Określenie rodzaju współpracy
    • Red.
    • 9
    • KHW
    • 645214
710 -Hasło dodatkowe - nazwa ciała zbiorowego [2, ]
    • a
    • Nazwa ciała zbiorowego lub nazwa geograficzna jako pierwszy element (NP)
    • Mouton de Gruyter.
    • 4
    • Kod relacji
    • pbl
    • 9
    • KHW
    • 95860
920 -ISBN [ , ]
    • a
    • ISBN
    • 978-3-11-018874-5 Find
    • q
    • Dopowiedzenie
    • hardcover : alk. paper
920 -ISBN [ , ]
    • a
    • ISBN
    • 3-11-018874-0 Find
    • q
    • Dopowiedzenie
    • hardcover : alk. paper
Numer inwentarzowy Status udost. Data inwentaryzacji Lokalizacja Sygnatura
A.859312010-03-01BMANG. Pragmatyka 08